শাহ আবদুল করিম : (Record no. 259015)
[ view plain ]
| 000 -LEADER | |
|---|---|
| fixed length control field | 01012nam a22002177a 4500 |
| 003 - CONTROL NUMBER IDENTIFIER | |
| control field | BD-DhUL |
| 005 - DATE AND TIME OF LATEST TRANSACTION | |
| control field | 20241022120823.0 |
| 008 - FIXED-LENGTH DATA ELEMENTS--GENERAL INFORMATION | |
| fixed length control field | 240208s2020 bg a|||| b||| 000 0 ben |
| 020 ## - INTERNATIONAL STANDARD BOOK NUMBER | |
| International Standard Book Number | 9840759841 (hbk) |
| 040 ## - CATALOGING SOURCE | |
| Original cataloging agency | BD-DhUL |
| Transcribing agency | BD-DhUL |
| 082 ## - DEWEY DECIMAL CLASSIFICATION NUMBER | |
| Classification number | 780.92 |
| Item number | SAS |
| 100 1# - MAIN ENTRY--PERSONAL NAME | |
| Personal name | সাদী, মোহাম্মদ শেখ |
| 245 10 - TITLE STATEMENT | |
| Title | শাহ আবদুল করিম : |
| Remainder of title | জীবন ও সংগীত / |
| Statement of responsibility, etc. | মোহাম্মদ শেখ সাদী । |
| 260 ## - PUBLICATION, DISTRIBUTION, ETC. (IMPRINT) | |
| Place of publication, distribution, etc. | ঢাকা : |
| Name of publisher, distributor, etc. | বাংলা একাডেমি, |
| Date of publication, distribution, etc. | ২০২০ । |
| 300 ## - PHYSICAL DESCRIPTION | |
| Extent | ২১৬ পৃ., [ ৮ ] পাতা প্লেট্স : |
| Other physical details | চিত্র ; |
| Dimensions | ২৩ সেমি |
| 365 ## - TRADE PRICE | |
| Price type code | BDT |
| Price amount | 400.0 |
| 504 ## - BIBLIOGRAPHY, ETC. NOTE | |
| Bibliography, etc | গ্রন্থপঞ্জি: পৃ. ২০৯-২১২ । গ্রন্থপঞ্জিগত তথ্য সংবলিত । |
| 650 #4 - SUBJECT ADDED ENTRY--TOPICAL TERM | |
| Topical term or geographic name as entry element | করিম, শাহ আবদুল |
| General subdivision | জীবনী । |
| 651 #4 - SUBJECT ADDED ENTRY--GEOGRAPHIC NAME | |
| Geographic name | Karim, Shah Abdul |
| General subdivision | Biography. |
| 942 ## - ADDED ENTRY ELEMENTS (KOHA) | |
| Source of classification or shelving scheme | |
| Koha item type | Books |
| Price effective from | Date last seen | Permanent Location | Not for loan | Date acquired | Source of classification or shelving scheme | Koha item type | Lost status | Withdrawn status | Copy number | Source of acquisition | Collection code | Damaged status | Shelving location | Barcode | Current Location | Public note | Full call number |
|---|---|---|---|---|---|---|---|---|---|---|---|---|---|---|---|---|---|
| 2024-02-08 | 2024-02-08 | Dhaka University Library | 2024-02-08 | Books | 1 | Purchased | Non Fiction | General Stacks | 527647 | Dhaka University Library | Music | 780.92 SAS | |||||
| 2024-02-08 | 2024-02-08 | Dhaka University Library | 2024-02-08 | Books | 2 | Purchased | Non Fiction | General Stacks | 527648 | Dhaka University Library | Music | 780.92 SAS | |||||
| 2024-02-08 | 2024-02-08 | Dhaka University Library | 2024-02-08 | Books | 3 | Purchased | Non Fiction | General Stacks | 527649 | Dhaka University Library | Music | 780.92 SAS | |||||
| 2024-02-08 | 2024-02-08 | Dhaka University Library | 2024-02-08 | Books | 4 | Purchased | Non Fiction | General Stacks | 527650 | Dhaka University Library | Tr. to Music Dept. | 780.92 SAS | |||||
| 2024-02-08 | 2024-02-08 | Dhaka University Library | 2024-02-08 | Books | 5 | Purchased | Non Fiction | General Stacks | 527651 | Dhaka University Library | Tr. to Music Dept. | 780.92 SAS | |||||
| 2024-09-11 | 2024-09-11 | Dhaka University Library | 2024-09-11 | Books | 6 | Purchased | Non Fiction | General Stacks | 531559 | Dhaka University Library | Music | 780.92 SAS | |||||
| 2024-09-11 | 2024-09-11 | Dhaka University Library | 2024-09-11 | Books | 7 | Purchased | Non Fiction | General Stacks | 531560 | Dhaka University Library | Music | 780.92 SAS | |||||
| 2024-09-11 | 2024-09-11 | Dhaka University Library | 2024-09-11 | Books | 8 | Purchased | Non Fiction | General Stacks | 531561 | Dhaka University Library | Music | 780.92 SAS | |||||
| 2024-09-11 | 2024-09-11 | Dhaka University Library | 2024-09-11 | Books | 9 | Purchased | Non Fiction | General Stacks | 531562 | Dhaka University Library | Tr. To Music Dept. | 780.92 SAS | |||||
| 2024-09-11 | 2024-09-11 | Dhaka University Library | 2024-09-11 | Books | 10 | Purchased | Non Fiction | General Stacks | 531563 | Dhaka University Library | Tr. To Music Dept. | 780.92 SAS |
